00999cam a22002777a 4500003000500000005001700005008004100022010000900063011000900072035000900081040000900090082001600099110004500115245004800160260003900208300000900247500003400256505017500290650004600465650002700511650004000538650003600578700002800614700002400642710005500666CHAP20220817041118.0971013s1990 r 00010 d a6652 a7624 a6848 cCHAP a338.972bC4 aCentro de Ecodesarrollo, A. C. México.14aLos municipios de las fronteras de México aMéxico, D.F. :bEl Centro,c1990 a4 v. aLa biblioteca tiene: v.1, v.2 aContenido: v.1 Economía y trabajo.-- v.2 El medio ambiente.-- v.3 Población, cultura y sociedad.-- v.4 Los indicadores estadísticos municipales más sobresalientes14aAgriculturaxAspectos economicoszMexico.14aEcología agrícola.14aMéxicoxCondiciones económicas.14aMéxicoxCondiciones sociales.0 aAcevedo, María Luisa.0 aNolasco, Margarita.0 aCentro Nacional de Desarrollo Municipal. México.